Central Library OPAC University of Rajshahi

Europe, the British Isles and the world / (Record no. 26384)

MARC details
000 -LEADER
fixed length control field 00836nam a2200265 a 4500
001 - CONTROL NUMBER
control field 26384
003 - CONTROL NUMBER IDENTIFIER
rucl marc code BD-RjUL
005 - DATE AND TIME OF LATEST TRANSACTION
control field 20211209051017.0
008 - FIXED-LENGTH DATA ELEMENTS--GENERAL INFORMATION
fixed length control field 140322r19501939enk||||| |||| 001 0 eng d
035 ## - SYSTEM CONTROL NUMBER
System control number (BD-RjUL)26454
040 ## - CATALOGING SOURCE
Original cataloging agency BD-RjUL
Language of cataloging eng
Transcribing agency BD-RjUL
041 ## - LANGUAGE CODE
Language code of text/sound track or separate title eng
082 ## - DEWEY DECIMAL CLASSIFICATION NUMBER
Classification number 940.55
Author mark and year CAE 1950
100 ## - MAIN ENTRY--PERSONAL NAME
Personal name Carter, C. C.
9 (RLIN) 81120
245 ## - TITLE STATEMENT
Title Europe, the British Isles and the world /
Statement of responsibility, etc. by C.C. Carter and E.C. Marchant.
250 ## - EDITION STATEMENT
Edition statement Revised repr.
260 ## - PUBLICATION, DISTRIBUTION, ETC. (IMPRINT)
Place of publication, distribution, etc. London :
Name of publisher, distributor, etc. Christophers,
Date of publication, distribution, etc. 1939 [Reprinted 1950]
300 ## - PHYSICAL DESCRIPTION
Pagination xix , 300 p. :
Illustrations ill. ;
Size 22 cm.
490 ## - SERIES STATEMENT
Series statement World of man, bk. 4.
504 ## - BIBLIOGRAPHY, ETC. NOTE
Bibliography, etc includes index.
650 ## - SUBJECT ADDED ENTRY--TOPICAL TERM
Topical term or geographic name as entry element Europe -- Description and travel -- Juvenile literature.
9 (RLIN) 81121
700 ## - ADDED ENTRY--PERSONAL NAME
Personal name Marchant, E. C.
Fuller form of name (Ernest Cecil),
942 ## - ADDED ENTRY ELEMENTS (KOHA)
Source of classification or shelving scheme Dewey Decimal Classification
Koha item type Books
Holdings
Lost status Source of classification or shelving scheme Damaged status Not for loan Collection code Permanent Location Current Location Shelving location Date acquired Total Checkouts Full call number Date last seen Copy number Koha item type Source of acquisition Cost, normal purchase price
  Dewey Decimal Classification   Added to bundle Non-fiction Central Library, University of Rajshahi Central Library, University of Rajshahi Reading Room 22/03/2014   940.55 CAE 1950 22/03/2014 C-1 Books    
  Dewey Decimal Classification     Non-fiction Central Library, University of Rajshahi Central Library, University of Rajshahi   10/01/1973   940.55 CAE 1950 18/05/2015 C-2 Books Euro B.D. News agency 22.00